000 00777nam a22002051i 4500
001 69227
003 ES-MaACL
005 20231227160938.0
007 t|
008 040921s1909 sp |||| | spa d
100 1 _aL'Hotellerie Falloise, Manuel de.
_9149377
245 1 0 _aBenavente :
_bdiálogo corto en prosa /
_coriginal de Manuel de L'Hotellerie Falloisse.
260 _aMadrid :
_bSociedad de Autores Españoles,
_c1909.
300 _a11 p. ;
_c22 cm.
530 _aDisponible en formato digital.
600 1 4 _aBenavente, Jacinto,
_d1866-1954
_927443
852 4 _aES-MaACL
_jT-1219-F-10
_z- Dedicatoria autógrafa del autor
856 4 _uhttps://archive.org/details/benaventedilogoc26212lhot/page/n1/mode/2up
_zInternet Archive
999 _c69227
_d69227